A vicarious revolution (Record no. 66473)
[ view plain ]
| 000 -LEADER | |
|---|---|
| fixed length control field | 01213cam a2200265 4500 |
| 001 - CONTROL NUMBER | |
| control field | ABS63763 |
| 008 - FIXED-LENGTH DATA ELEMENTS--GENERAL INFORMATION | |
| fixed length control field | 000000n2001 000 0 eng u |
| 035 ## - SYSTEM CONTROL NUMBER | |
| System control number | (Sirsi) u111538 |
| 100 ## - MAIN ENTRY--PERSONAL NAME | |
| Personal name | Turley, J. |
| 245 #2 - TITLE STATEMENT | |
| Title | A vicarious revolution |
| 260 ## - PUBLICATION, DISTRIBUTION, ETC. | |
| Date of publication, distribution, etc. | 2001 |
| 490 ## - SERIES STATEMENT | |
| Series statement | Estates Gazette |
| Volume/sequential designation | (0111) 17 March 2001, 169(1) |
| 520 ## - SUMMARY, ETC. | |
| Summary, etc. | In "Crane v Coal Authority" CA ruled that the Law of Property Act 1925 s79 has a wider implication than was previously thought. Describes the circumstances of the case. Traditionally, s79 was viewed as not making the burden of covenant run with the land. However, this ruling indicates that in giving a covenant in relation to his own land, an original contracting party is liable not only for its own breach of that covenant, but also for those of successors in title (e.g subsequent owners of the freehold). Also highlights other issues raised by the case. |
| 590 ## - LOCAL NOTE (RLIN) | |
| Local note | ABS |
| 650 ## - SUBJECT ADDED ENTRY--TOPICAL TERM | |
| Topical term or geographic name entry element | LAW OF PROPERTY ACT 1925 S79 |
| 650 ## - SUBJECT ADDED ENTRY--TOPICAL TERM | |
| Topical term or geographic name entry element | COVENANTS |
| 650 ## - SUBJECT ADDED ENTRY--TOPICAL TERM | |
| Topical term or geographic name entry element | LAND OWNERSHIP |
| 650 ## - SUBJECT ADDED ENTRY--TOPICAL TERM | |
| Topical term or geographic name entry element | BREACH OF COVENANT |
| 650 ## - SUBJECT ADDED ENTRY--TOPICAL TERM | |
| Topical term or geographic name entry element | SUCCESSORS IN TITLE |
| 650 ## - SUBJECT ADDED ENTRY--TOPICAL TERM | |
| Topical term or geographic name entry element | LIABILITY |
| 650 ## - SUBJECT ADDED ENTRY--TOPICAL TERM | |
| Topical term or geographic name entry element | LEASES |
| 650 ## - SUBJECT ADDED ENTRY--TOPICAL TERM | |
| Topical term or geographic name entry element | CRANE V COAL AUTHORITY |
| 690 ## - LOCAL SUBJECT ADDED ENTRY--TOPICAL TERM (OCLC, RLIN) | |
| Topical term or geographic name as entry element | PROPERTY |
| 942 ## - ADDED ENTRY ELEMENTS (KOHA) | |
| Suppress in OPAC | 0 |
| Withdrawn status | Lost status | Source of classification or shelving scheme | Damaged status | Not for loan | Home library | Current library | Shelving location | Date acquired | Total Checkouts | Full call number | Barcode | Date last seen | Copy number | Price effective from | Koha item type |
|---|---|---|---|---|---|---|---|---|---|---|---|---|---|---|---|
| Dewey Decimal Classification | London | London | Journal article | 21/03/2001 | ABS63763 | 111538-1001 | 06/08/2019 | 1 | 06/08/2019 | Journal article |